[Event "IECC CL6-2009.29 email"]
[Site "IECC email"]
[Date "2009.12.16"]
[Round "?"]
[White "Stamate, Vlad"]
[Black "D'Aragona, Vittoria"]
[Result "0-1"]
[WhiteElo "1154"]
[BlackElo "1399"]
[PlyCount "42"]
[EventDate "2009.??.??"]
[EventType "tourn (corr)"]
[EventRounds "4"]
[SourceTitle "Telechess CBM 149"]
[Source "ChessBase"]
[SourceDate "2012.07.17"]
[SourceVersion "1"]
[SourceVersionDate "2012.07.17"]
[SourceQuality "1"]
[WhiteTeam "US of America"]
[BlackTeam "Italy"]
[WhiteTeamCountry "USA"]
[BlackTeamCountry "ITA"]

1. e4 e6 2. d4 d5 3. Nc3 Bb4 4. e5 Ne7 5. a3 Bxc3+ 6. bxc3 0-0 7. Bd3 c5 8. Nf3 Ng6 9. 0-0 c4 10. Bxg6 fxg6 11. Ng5 h6 12. h4 hxg5 13. Bxg5 Qc7 14. h5 gxh5 15. Qxh5 Qf7 16. Qh4 Nc6 17. f4 Qg6 18. Rf3 Qxc2 19. Rh3 Qf5 20. Qh8+ Kf7 21. Qh5+ Qg6 0-1

[Event "IECC CL7-2009.04 email"]
[Site "IECC email"]
[Date "2009.06.30"]
[Round "?"]
[White "D'Aragona, Vittoria"]
[Black "Stamate, Vlad"]
[Result "0-1"]
[WhiteElo "1991"]
[BlackElo "1126"]
[PlyCount "48"]
[EventDate "2009.??.??"]
[EventType "tourn (corr)"]
[EventRounds "4"]
[SourceTitle "Telechess CBM 137"]
[Source "ChessBase"]
[SourceDate "2010.07.15"]
[SourceVersion "1"]
[SourceVersionDate "2010.07.15"]
[SourceQuality "1"]
[WhiteTeam "Italy"]
[BlackTeam "US of America"]
[WhiteTeamCountry "ITA"]
[BlackTeamCountry "USA"]

1. e4 g6 2. Nc3 Bg7 3. d4 d6 4. Bg5 Nf6 5. Qd2 Nc6 6. 0-0-0 0-0 7. Nf3 Re8 8. e5 dxe5 9. dxe5 Nd7 10. e6 fxe6 11. Qe3 Nce5 12. Nxe5 Bxe5 13. Rxd7 Qxd7 14. Qxe5 Rf8 15. Bd3 Qd6 16. Qxd6 exd6 17. Re1 Rxf2 18. Nb5 Rxg2 19. Nxc7 Rb8 20. Nxe6 Bxe6 21. Rxe6 Rxg5 22. Rxd6 Rg2 23. h3 Rh2 24. Rd7 Rxh3 0-1